Foreign-born US Senators in Office Since 2000 - Statistics

General Stats
  • This quiz has been taken 33 times
  • The average score is 4 of 7
Answer Stats
Senator State Years Served Birth Country % Correct
Ted Cruz Texas 2013-present Canada
91%
Mazie Hirono Hawaii 2013-present Japan
84%
Mel Martinez Florida 2005-2009 Cuba
78%
John McCain Arizona 1987-2018 Panama
56%
Tammy Duckworth Illinois 2017-present Thailand
56%
Michael Bennet Colorado 2009-present India
41%
Chris Van Hollen Maryland 2017-present Pakistan
28%
No matching quizzes found
Score Distribution
Percent of People with Each Score
Percentile by Number Answered
Your Score History
You have not taken this quiz